Orthodoxy and catholicity (Record no. 47337)
[ view plain ]
| 000 -LEADER | |
|---|---|
| fixed length control field | 00754cam a22002411 4500 |
| 001 - CONTROL NUMBER | |
| control field | 2642340 |
| 005 - DATE AND TIME OF LATEST TRANSACTION | |
| control field | 20190806141632.0 |
| 008 - FIXED-LENGTH DATA ELEMENTS--GENERAL INFORMATION | |
| fixed length control field | 731212s1966 nyu b 000 0 eng |
| 010 ## - LIBRARY OF CONGRESS CONTROL NUMBER | |
| LC control number | 66022017 |
| 040 ## - CATALOGING SOURCE | |
| Original cataloging agency | DLC |
| Transcribing agency | DLC |
| Modifying agency | DLC |
| 100 1# - MAIN ENTRY--PERSONAL NAME | |
| Personal name | Meyendorff, John, |
| Dates associated with a name | 1926-1992. |
| 240 10 - UNIFORM TITLE | |
| Uniform title | <a href="Orthodoxie et catholicité.">Orthodoxie et catholicité.</a> |
| Language of a work | English |
| 245 10 - TITLE STATEMENT | |
| Title | Orthodoxy and catholicity |
| Statement of responsibility, etc | [by] John Meyendorff. |
| 260 ## - PUBLICATION, DISTRIBUTION, ETC. (IMPRINT) | |
| Place of publication, distribution, etc | New York : |
| Name of publisher, distributor, etc | Sheed & Ward, |
| Date of publication, distribution, etc | [1966]. |
| 300 ## - PHYSICAL DESCRIPTION | |
| Extent | vi, 180 p. ; |
| Dimensions | 21 cm. |
| 336 ## - CONTENT TYPE | |
| Content Type Term | text |
| 337 ## - MEDIA TYPE | |
| Media Type Term | unmediated |
| 338 ## - CARRIER TYPE | |
| Carrier Type Term | volume |
| 504 ## - BIBLIOGRAPHY, ETC. NOTE | |
| Bibliography, etc | Includes bibliographical references. |
| 610 20 - SUBJECT ADDED ENTRY--CORPORATE NAME | |
| Corporate name or jurisdiction name as entry element | Orthodox Eastern Church |
| General subdivision | Relations |
| -- | Catholic Church. |
| 610 20 - SUBJECT ADDED ENTRY--CORPORATE NAME | |
| Corporate name or jurisdiction name as entry element | Catholic Church |
| General subdivision | Relations |
| -- | Orthodox Eastern Church. |
| 942 ## - ADDED ENTRY ELEMENTS (KOHA) | |
| Source of classification or shelving scheme | Library of Congress Classification |
| Item type | Books |
| Withdrawn status | Lost status | Source of classification or shelving scheme | Damaged status | Not for loan | Home library | Current library | Shelving location | Date acquired | Inventory number | Total Checkouts | Full call number | Barcode | Date last seen | Price effective from | Koha item type |
|---|---|---|---|---|---|---|---|---|---|---|---|---|---|---|---|
| Library of Congress Classification | BSOP Library | BSOP Library | GC | 07/22/2019 | 20906 | BX324.3 M57 | 00019225 | 07/22/2019 | 07/22/2019 | Books |
